00622nas a22001813a 450000500170000000800410001702200140005804000250007204100080009704400070010524500640011226000660017630000330024231000060027565000580028165000520033971000490039120171115105530.0980226c19959999gw u 0 0eng d a0949-3026 aCO-BoIAVHcCO-BoIAVH0 aeng agx00aEcotropica : ban international journal of tropical ecology aBonn (Alemania) :bGerman Society for Tropical Ecologyc1995. bilustraciones ;c24 x 17 cm. af26aEcologíazZona tropicalvPublicaciones periódicas24aEcología tropicalvPublicaciones periódicas2 aDeutsche Gesellschaft für Tropenökologie